000
00232nam a22000857a 4500
008
160628b xxu||||| |||| 00| 0 eng d
100
_9
1280
_a
Biswas, A., et al
245
_a
The Ancient India
260
_a
New Delhi
_b
Arya Publication
_c
2003
999
_c
1047
_d
1047